Twin US State Capitals - Statistics

General Stats
  • This quiz has been taken 51 times
  • The average score is 11 of 14
Answers on the Map
Answers color-coded by a green-red scale on the quiz's map according to % correct below.
 
Answer Stats
Capital % Correct
Sacramento
98%
Carson City
93%
Boston
87%
Denver
87%
Olympia
85%
Salem
83%
Baton Rouge
80%
Cheyenne
80%
Providence
78%
Dover
76%
Annapolis
74%
Jackson
70%
Bismarck
63%
Pierre
61%
No matching quizzes found
Score Distribution
Percent of People with Each Score
Percentile by Number Answered
Your Score History
You have not taken this quiz